[Event "Olympiad Women 2024"]
[Site "Budapest HUN"]
[Date "2024.09.12"]
[Round "2.59"]
[Board "2"]
[White "Mahi R. Shah"]
[Black "Torres Hernandez, Leslie Carolin"]
[Result "0-1"]
[WhiteElo "1602"]
[BlackElo "1891"]
[PlyCount "82"]
[EventDate "2024.09.11"]
[WhiteTeam "Tanzania"]
[BlackTeam "Honduras"]
[WhiteTeamCountry "TAN"]
[BlackTeamCountry "HON"]

1. d4 Nf6 2. c4 e6 3. Nf3 b6 4. g3 Bb7 5. Bg2 c5 6. O-O Be7 7. Bf4 ({RR} 7. d5 exd5 8. Ng5 O-O 9. Nc3 h6 10. Nh3 Na6 11. Nf4 Nc7 12. Ncxd5 Ncxd5 13. Nxd5 Nxd5 14. Bxd5 Bc6 15. b3 Bf6 16. Rb1 Re8 17. e3 Qc7 18. Qf3 Re5 19. Bxc6 dxc6 20. Rd1 Ree8 21. Bb2 Bxb2 {0-1 Donchenko,A (2599)-Tologontegin,S (2374) Titled Tuesday intern op 24th May Early blitz 2022 (3)}) ({RR} 7. b3 cxd4 8. Nxd4 Bxg2 9. Kxg2 d5 10. cxd5 Qxd5+ 11. Nf3 O-O 12. Nc3 Qb7 13. Bb2 Rd8 14. Qc2 Nc6 15. Rac1 Nd4 16. Qb1 Rd7 17. e4 Nxf3 18. Kxf3 Rad8 19. Rcd1 g5 20. Rxd7 g4+ 21. Kg2 Rxd7 {½-½ Marsden,R (1742)-Plotnikov,D (1500) Hastings Weekend Open 2024 (5.21)}) 7... O-O $146 ({RR} 7... d6 8. dxc5 bxc5 9. Nc3 a6 10. Qb3 Qc7 11. Rad1 O-O 12. Rfe1 Nc6 13. Nd2 Rab8 14. Nce4 Nd4 15. Qd3 Nxe4 16. Nxe4 f5 17. Nxc5 Qxc5 18. Qxd4 Qxd4 19. Rxd4 e5 20. Bxe5 dxe5 21. Rd7 Bxg2 22. Rxe7 {0-1 Nguyen,T (1882)-Ton,N (2006) VIE-ch (Women) 2014 (2)}) ({RR} 7... Nh5 8. Qd2 Nxf4 9. Qxf4 O-O 10. Nc3 cxd4 11. Qxd4 Nc6 12. Qd2 a6 13. Rfd1 d6 14. Rac1 Qc7 15. b3 Rad8 16. Nd5 Qb8 17. Nxe7+ Nxe7 18. Qb4 Bc6 19. Ne5 Bxg2 20. Kxg2 Qb7+ 21. Nf3 d5 22. c5 {1-0 Karpati,K (1765)-Vasko,I (1976) HUN-chT2 Erkel 1213 2012 (9.11)}) 8. Nc3 d5 9. cxd5 Nxd5 10. Nxd5 Bxd5 11. Qd3 cxd4 12. Nxd4 Bxg2 13. Kxg2 Bf6 14. Be3 Qd5+ 15. Kg1 Nd7 16. Qb3 Qb7 17. Nf3 Rac8 18. Rfd1 Nc5 19. Bxc5 Rxc5 20. Rac1 Rxc1 21. Rxc1 Rc8 22. Rd1 g6 23. h4 Qe4 24. Rd2 Rc1+ 25. Kg2 h6 26. Qb5 Qc6 27. Qb3 Kg7 28. Qa3 g5 29. hxg5 hxg5 30. g4 Qe4 31. Kh3 Rh1+ 32. Kg2 Rh4 33. Kf1 Qb1+ 34. Ne1 Rh1+ 35. Kg2 Qxe1 36. Qb4 Qf1+ 37. Kf3 Rh3+ 38. Ke4 Qxf2 39. Qf8+ Kxf8 40. Rd8+ Bxd8 41. e3 Qxe3# 0-1

[Event "Olympiad Women 2024"]
[Site "Budapest HUN"]
[Date "2024.09.12"]
[Round "2.59"]
[Board "3"]
[White "Cruz, Bitia"]
[Black "Bertha Samson Mkude"]
[Result "1-0"]
[WhiteElo "1736"]
[BlackElo "1459"]
[PlyCount "83"]
[EventDate "2024.09.11"]
[WhiteTeam "Honduras"]
[BlackTeam "Tanzania"]
[WhiteTeamCountry "HON"]
[BlackTeamCountry "TAN"]

1. e4 e5 2. Nf3 Nc6 3. Bc4 Bc5 4. c3 d6 5. Qb3 ({RR} 5. Bb3 Qf6 6. d3 Nge7 7. Be3 h6 8. Nbd2 Ng6 9. Ba4 O-O 10. Nf1 Nf4 11. Bxf4 Qxf4 12. Ng3 f5 13. Bb3+ Kh8 14. exf5 Bxf5 15. Nxf5 Rxf5 16. O-O Raf8 17. Bd5 Rh5 18. Qe2 Qg4 19. Bxc6 bxc6 {0-1 Valido Bouza,C (2241)-Gareyev,T (2605) Fort Myers Gulf Coast op 2nd 2016 (2)}) 5... Nh6 $146 ({RR} 5... Qd7 6. Ng5 Nh6 7. O-O O-O 8. Qc2 Qe7 9. d3 Na5 10. Bb3 Nxb3 11. axb3 f5 12. d4 exd4 13. cxd4 Bb6 14. Qc4+ Kh8 15. Nc3 fxe4 16. Nd5 Qd8 17. Nxe4 Nf7 18. Nxb6 cxb6 19. Qd5 Qe7 20. Ng5 {0-1 Tamarovskiy,A (1929)-Kuznetsov,M (2122) Zhukovsky op 2008 (1)}) ({RR} 5... Qe7 6. d3 Nf6 7. Be3 Bb6 8. Nbd2 Be6 9. O-O Bxc4 10. Nxc4 h6 11. Rad1 O-O 12. Qc2 d5 13. exd5 Nxd5 14. Rfe1 Bxe3 15. Nxe3 Nxe3 16. Rxe3 Qc5 17. Qe2 f6 18. d4 exd4 19. Nxd4 Nxd4 20. Rxd4 {1-0 Saranda,M-Aftanasiuk,J Gdansk op 12th  2010 (7)}) 6. d4 Na5 7. Qa4+ Bd7 8. Qxa5 Bb6 9. Qa3 Qe7 10. Bxh6 gxh6 11. Nbd2 Rg8 12. g3 Qf6 13. O-O-O Bg4 14. Be2 exd4 15. cxd4 Bxd4 16. Qa4+ c6 17. Qxd4 Qxd4 18. Nxd4 Bxe2 19. Nxe2 O-O-O 20. Nc4 Rg6 21. f4 b5 22. Nd2 Kb7 23. Nf3 Re6 24. e5 d5 25. Ned4 Ree8 26. Rhe1 Rf8 27. f5 Rde8 28. f6 a6 29. Nf5 h5 30. Nd6+ Kb6 31. Nxe8 Rxe8 32. Nh4 Re6 33. Nf5 Re8 34. Ne7 a5 35. e6 Rf8 36. exf7 Rxf7 37. Re6 a4 38. Rxc6+ Ka5 39. Rxd5 Kb4 40. a3+ Ka5 41. Rdd6 b4 42. Rc5# 1-0

[Event "Olympiad Women 2024"]
[Site "Budapest HUN"]
[Date "2024.09.12"]
[Round "2.60"]
[Board "1"]
[White "Swaminathan, Laia"]
[Black "Ravelomanana, Sabine"]
[Result "0-1"]
[WhiteElo "1620"]
[BlackElo "1926"]
[PlyCount "106"]
[EventDate "2024.09.11"]
[WhiteTeam "Cayman Islands"]
[BlackTeam "Madagascar"]
[WhiteTeamCountry "CAY"]
[BlackTeamCountry "MAD"]

1. d4 d5 2. c4 e6 3. Nc3 Nf6 4. Bg5 Be7 5. e3 O-O 6. Nf3 c6 7. Rc1 Nbd7 8. a3 Re8 9. Be2 dxc4 10. Bxc4 b5 ({RR} 10... Nd5 11. Bxe7 Qxe7 12. O-O Nxc3 13. Rxc3 e5 14. Bb3 e4 15. Nd2 Nf6 16. Rc5 Bg4 17. Qb1 Nd7 18. Rc3 Nf6 19. Rc5 Nd7 20. Rc3 Nf6 21. Bd1 Bf5 22. b4 Qd7 23. Be2 Nd5 24. Rc5 b6 25. Rc2 {1-0 Nyback,T (2554)-Graf,A (2637) Bundesliga 0405 playoff 2005 (1.6)}) ({RR} 10... Nd5 11. Bxe7 Qxe7 12. O-O Nxc3 13. Rxc3 e5 14. dxe5 Nxe5 15. Nxe5 Qxe5 16. f4 Qf5 17. Bd3 Qa5 18. Qc2 f5 19. Rc5 Qb6 20. Rf3 Be6 21. Re5 Bd5 22. Rg3 Rxe5 23. fxe5 Be4 24. Bxe4 fxe4 25. Qc4+ {1-0 Knotek,J (1949)-Vodak,R (1999) Stare Mesto op 2021 (5)}) 11. Bd3 a6 12. O-O c5 13. Qc2 $146 ({RR} 13. Ne4 c4 14. Nxf6+ Bxf6 {½-½ Galvanek,L (2075)-Valent,J (1980) SVK-chT2 9798 1997}) 13... c4 14. Be4 Nxe4 15. Bxe7 Qxe7 16. Nxe4 Bb7 17. Ned2 f5 18. Rfe1 g5 19. h3 Qg7 20. Qd1 g4 21. hxg4 Qxg4 22. Qe2 Kh8 23. e4 Rg8 24. g3 f4 25. Nh2 Qh3 26. g4 Nf6 27. f3 h5 28. Qg2 hxg4 29. fxg4 Qh6 30. Kf2 Qh4+ 31. Kf3 Qg5 32. Kf2 Rg7 33. Ndf3 Nxg4+ 34. Nxg4 Qxg4 35. Qxg4 Rxg4 36. Ne5 Rg3 37. Rh1+ Kg7 38. Rhg1 Bxe4 39. Rxg3+ fxg3+ 40. Ke3 Bd5 41. Rf1 g2 42. Rf7+ Kg8 43. Kf2 a5 44. Rf4 b4 45. Rg4+ Kh7 46. Rh4+ Kg7 47. Rg4+ Kh6 48. Rh4+ Kg5 49. Rg4+ Kh5 50. Rg3 Rf8+ 51. Ke3 Rf1 52. Rh3+ Kg5 53. Rg3+ Kh4 0-1

[Event "Olympiad Women 2024"]
[Site "Budapest HUN"]
[Date "2024.09.12"]
[Round "2.60"]
[Board "3"]
[White "Majid, Zara"]
[Black "Randriatsiferana, Dimbiharentsoa Christiana"]
[Result "0-1"]
[WhiteElo "1411"]
[BlackElo "1736"]
[PlyCount "92"]
[EventDate "2024.09.11"]
[WhiteTeam "Cayman Islands"]
[BlackTeam "Madagascar"]
[WhiteTeamCountry "CAY"]
[BlackTeamCountry "MAD"]

1. d4 Nf6 2. Bf4 g6 3. Nc3 Bg7 4. e4 d6 5. Qd2 h6 6. h4 ({RR} 6. f3 Nc6 7. d5 Ne5 8. Nge2 g5 9. Bxe5 dxe5 10. Ng3 e6 11. O-O-O a6 12. Bc4 b5 13. Bb3 b4 14. Na4 exd5 15. exd5 O-O 16. Nc5 a5 17. d6 cxd6 18. Qxd6 Qxd6 19. Rxd6 Ra7 20. Rhd1 Rc7 {1-0 Grachev,B (2612)-Matveev,V (2368) Titled Tuesday intern op 25th Aug blitz 2020 (10)}) 6... Nbd7 ({RR} 6... b6 7. f3 Bb7 8. O-O-O Nbd7 9. e5 Nd5 10. Nxd5 Bxd5 11. c4 Bb7 12. exd6 cxd6 13. Kb1 Nf8 14. g4 Ne6 15. Be3 Rc8 16. Nh3 Bxf3 17. Bd3 Bxg4 18. Rdf1 f5 19. h5 Bxh5 20. Nf4 Nxf4 21. Bxf4 {½-½ Cueto,J (2108)-Caglar,S (2142) Titled Tue 2nd Jan Late 2024 (7)}) 7. O-O-O Nb6 $146 ({RR} 7... c6 8. e5 dxe5 9. dxe5 Nh7 10. e6 fxe6 11. Bxh6 Kf7 12. Bxg7 Kxg7 13. h5 Nhf6 14. h6+ Kf7 15. Nf3 Qg8 16. Ng5+ Ke8 17. Bc4 Nd5 18. h7 Qf8 19. Nxe6 Qf6 20. Bxd5 cxd5 21. Nxd5 Qf5 22. Ng7+ {1-0 Farokhi,K (2018)-Stockmann,T (1884) GER-chT Lands U20 2019 (5.1)}) ({RR} 7... e5 8. dxe5 dxe5 9. Bxe5 Nxe4 10. Nxe4 Bxe5 11. f4 Bg7 12. Nc5 Qf6 13. Re1+ Kf8 14. Qb4 Qxb2+ 15. Qxb2 Bxb2+ 16. Kxb2 Nxc5 17. Nf3 Be6 18. Ne5 Kg7 19. Bc4 Bxc4 20. Nxc4 Rhe8 21. g4 f6 22. f5 {0-1 Wetjen,F (1688)-Kiesel,L (1837) Niedersachsen-ch op B 2018 (3)}) 8. f3 Bd7 9. g4 e5 10. dxe5 dxe5 11. Bxe5 Nxe4 12. Qe3 Bxe5 13. Qxe4 Qe7 14. Qxb7 Bxc3 15. bxc3 Qe3+ 16. Kb2 Na4+ 17. Ka3 Qxc3+ 18. Qb3 Qc5+ 19. Qb4 Qxb4+ 20. Kxb4 Rb8+ 21. Ka3 Nc3 22. Re1+ Kf8 23. Bc4 Nb1+ 24. Rxb1 Rxb1 25. Bb3 Kg7 26. Kb4 Re8 27. Ka5 Ree1 28. Ka6 Rxg1 29. Rxg1 Rxg1 30. Kxa7 Ra1 31. Kb7 Be6 32. Kxc7 Bxb3 33. axb3 Rc1 34. b4 Rxc2+ 35. Kb6 Kf8 36. b5 Ke7 37. Ka6 Ra2+ 38. Kb7 Kd7 39. b6 Ra3 40. f4 Ra4 41. Kb8 Kc6 42. b7 Rb4 43. Ka8 Rxb7 44. g5 hxg5 45. f5 Kc7 46. fxg6 Rb2 0-1

[Event "Olympiad Women 2024"]
[Site "Budapest HUN"]
[Date "2024.09.12"]
[Round "2.60"]
[Board "4"]
[White "Tsinjoviniavo, Aina Mahasambatra"]
[Black "Patil, Anvita Niranjan"]
[Result "1-0"]
[WhiteElo "1662"]
[BlackElo "1589"]
[PlyCount "185"]
[EventDate "2024.09.11"]
[WhiteTeam "Madagascar"]
[BlackTeam "Cayman Islands"]
[WhiteTeamCountry "MAD"]
[BlackTeamCountry "CAY"]

1. e4 e5 2. Nf3 Nc6 3. d4 exd4 4. Nxd4 Bc5 5. Nf5 Qf6 6. Nc3 Nge7 7. Be3 ({RR} 7. Qg4 O-O 8. Bg5 Qg6 9. Qf4 d5 10. O-O-O dxe4 11. Nxe7+ Bxe7 12. Bxe7 Nxe7 13. Qxc7 Nc6 14. Bb5 Re8 15. Kb1 a6 16. Bc4 Be6 17. Bxe6 Qxe6 18. Qxb7 Rab8 19. Qxa6 Qf6 20. Qc4 Rec8 21. Qc5 Ne7 {0-1 Zhang,D (2362)-Lin Chen (2484) TCh-CHN DivA Standard 2024 (6.3)}) 7... Bb4 8. Nxe7 Qxe7 ({RR} 8... Bxc3+ 9. bxc3 Qxe7 10. Bd3 O-O 11. O-O d6 12. Rb1 b6 13. Qh5 Ne5 14. h3 f5 15. exf5 Nxd3 16. cxd3 Rxf5 17. Qe2 Bb7 18. Rb4 Re8 19. Rg4 c5 20. Qb2 Qf6 21. Qd2 Kh8 22. a4 Bc6 23. Ra1 {1-0 Kislinsky,A (2482)-Bazant,P (2392) CZE-chT1E 1011 2010 (3.2)}) 9. Qd3 $146 ({RR} 9. Bd3 d6 10. O-O Bxc3 11. bxc3 O-O 12. Qd2 Ne5 13. Rae1 Be6 14. f4 Nc4 15. Qf2 Nxe3 16. Qxe3 f6 17. e5 fxe5 18. fxe5 Bxa2 19. Qe4 g6 20. Qxb7 dxe5 21. Rxf8+ Rxf8 22. Qxa7 Bd5 23. Qa5 c5 {0-1 Ruiz Castillo,J (2120)-Reshef,O (1955) Wch U12 Kemer 2009 (2)}) ({RR} 9. Bd3 Ne5 10. Be2 a6 11. O-O d6 12. f4 Ng6 13. Bd4 O-O 14. Bd3 b6 15. Qf3 Bc5 16. Ne2 Bd7 17. Kh1 Bxd4 18. Nxd4 c5 19. Ne2 Qf6 20. Nc3 Bc6 21. e5 dxe5 22. fxe5 Qxf3 23. gxf3 Nxe5 {0-1 Lalic,S-Robinson,J Midland-ch Forrest Cup 1986 (5)}) 9... d6 10. O-O-O Be6 11. a3 Ba5 12. f4 O-O-O 13. b4 Bb6 14. Bxb6 axb6 15. f5 Bd7 16. Qc4 Ne5 17. Qb3 f6 18. Nd5 Qf7 19. Bc4 Qe8 20. b5 Nxc4 21. Qxc4 c6 22. Nxb6+ Kb8 23. Nxd7+ Qxd7 24. b6 c5 25. a4 Rhe8 26. a5 Qc6 27. Rhe1 Rd7 28. Rd5 Red8 29. Re3 Rh8 30. Rb3 Re8 31. Ra3 Rde7 32. a6 Rxe4 33. a7+ Ka8 34. Qa2 Re1+ 35. Rd1 Qe4 36. Rad3 Qf4+ 37. Kb2 Rxd1 38. Rxd1 Qxh2 39. Qf7 Qe5+ 40. Kb3 Qe3+ 41. Rd3 c4+ 42. Qxc4 Qxb6+ 43. Ka2 Kxa7 44. Qa4+ Qa6 45. Qxa6+ bxa6 46. Rxd6 Rb8 47. Ka3 Rb7 48. c4 Rb6 49. Re6 g6 50. c5 Rb5 51. Rxf6 Rxc5 52. Rf7+ Kb6 53. f6 h6 54. Rg7 Rg5 55. f7 Rg3+ 56. Kb4 Rg4+ 57. Kc3 Rf4 58. g3 Rf6 59. Kd4 g5 60. Rg6 Rxg6 61. f8=Q Rc6 62. Qd8+ Kb5 63. Qd5+ Kb6 64. Qb3+ Kc7 65. Ke5 a5 66. Qb5 Rb6 67. Qxa5 Kc6 68. Qd5+ Kc7 69. Kf5 Rd6 70. Qe5 Kc6 71. Kg4 Rd5 72. Qe4 Kc5 73. Qe7+ Kc4 74. Kh5 Rd4 75. Kxh6 g4 76. Kg5 Rd5+ 77. Kxg4 Rd4+ 78. Kh5 Rd5+ 79. Kh6 Rd3 80. g4 Rh3+ 81. Kg7 Rg3 82. g5 Rg4 83. Qe6+ Kd4 84. Qxg4+ Ke5 85. Kf7 Kd6 86. g6 Ke5 87. g7 Kd6 88. g8=Q Kd5 89. Q8g5+ Kd6 90. Qe6+ Kc7 91. Qge7+ Kb8 92. Qb6+ Ka8 93. Qeb7# 1-0

[Event "Olympiad Women 2024"]
[Site "Budapest HUN"]
[Date "2024.09.12"]
[Round "2.61"]
[Board "1"]
[White "Jop A., Laura Elizabeth"]
[Black "Yavo Tchetche, Marie"]
[Result "0-1"]
[WhiteElo "1686"]
[BlackElo "1686"]
[PlyCount "134"]
[EventDate "2024.09.11"]
[WhiteTeam "Guatemala"]
[BlackTeam "Cote d’Ivoire"]
[WhiteTeamCountry "GUA"]

1. c4 Nf6 2. d4 g6 3. Nc3 Bg7 4. e4 d6 5. Nf3 O-O 6. Be2 Nbd7 7. O-O e5 8. Bg5 c6 9. Qd2 Re8 10. Rad1 Qc7 ({RR} 10... Qb6 11. d5 cxd5 12. cxd5 Nc5 13. Qc2 Bd7 14. Nd2 Rec8 15. Qb1 a5 16. Rc1 a4 17. Be3 Qd8 18. b4 axb3 19. axb3 Ng4 20. Bxg4 Bxg4 21. f3 Bd7 22. Nc4 Be8 23. b4 Na4 24. Nxa4 Rxa4 25. Nb6 {1-0 Fernandez Gonzalez,J (2440)-Timoscenko,G (2510) Aniversario Radio Rebelde 1981 (11)}) 11. dxe5 ({RR} 11. d5 c5 12. Ne1 a6 13. a3 Kh8 14. Nd3 Ng8 15. b4 b6 16. bxc5 Nxc5 17. Nxc5 bxc5 18. Rb1 f5 19. Qb2 f4 20. f3 Bf6 21. Bxf6+ Nxf6 22. Qb6 Qe7 23. Bd1 g5 24. Ba4 Rg8 25. Bc6 Ra7 {0-1 Joergens,M (1984)-Sohlmann,J (2145) Ruhrgebiet Regionalliga 1819 2018 (9.2)}) 11... dxe5 12. b4 h6 $146 ({RR} 12... a5 13. a3 axb4 14. axb4 Qb6 15. Rb1 Bf8 16. c5 Qc7 17. Rfd1 Be7 18. Bh4 b6 19. cxb6 Nxb6 20. Qc2 Ra7 21. Rdc1 Qb8 22. b5 c5 23. Bg3 Bd6 24. Nd2 Be6 25. f3 Rc8 26. Bf2 Nfd7 27. Ra1 {½-½ Van der Wal,F (1944)-Furst,A (2062) Australian op 2009 (8)}) ({RR} 12... a5 13. b5 Bf8 14. Qc2 Nh5 15. Rd2 Bb4 16. bxc6 bxc6 17. Rfd1 Ng7 18. Be3 Ne6 19. Ng5 Nec5 20. Bg4 Nb6 21. Bxc5 Bxg4 22. Bxb6 Qxb6 23. Nf3 Rad8 24. Na4 Qc7 25. Rd3 f5 26. Qe2 fxe4 27. Qxe4 {½-½ Jacquet,S (1979)-Beaulieu,P (1841) Montreal Mercredi 11 2015 (4)}) 13. Bxh6 Ng4 14. Bxg7 Kxg7 15. h3 Ngf6 16. c5 Rh8 17. Ng5 Qd8 18. Bc4 Rf8 19. f4 exf4 20. Rxf4 Qe7 21. Qd4 Qe5 22. Qxe5 Nxe5 23. Bb3 Nh5 24. Rf2 f6 25. Nf3 Nf4 26. Nd4 g5 27. Nde2 Be6 28. Nxf4 Bxb3 29. axb3 gxf4 30. Rxf4 Rad8 31. Rxd8 Rxd8 32. b5 Rd3 33. bxc6 Rxc3 34. Rf2 Nxc6 35. Rd2 Ne5 36. b4 Rc4 37. b5 Rxe4 38. Ra2 Rb4 39. c6 Rxb5 40. c7 Rc5 41. Rxa7 Rxc7 42. Kh2 Kg6 43. Ra8 Kf5 44. Rb8 Nc6 45. Rf8 b5 46. g4+ Ke6 47. Re8+ Re7 48. Rc8 Kd5 49. Rf8 Ke5 50. Rc8 Re6 51. Rc7 Kf4 52. Rd7 b4 53. Rd5 b3 54. Rf5+ Ke4 55. Rb5 Nd4 56. Rb4 Kd3 57. Kg3 Kc3 58. Rb8 b2 59. Kf4 Kc2 60. Rc8+ Rc6 61. Rxc6+ Nxc6 62. Kf5 b1=Q 63. Kxf6 Qf1+ 64. Kg7 Qxh3 65. g5 Qf5 66. g6 Ne7 67. Kh8 Qf6+ 0-1

[Event "Olympiad Women 2024"]
[Site "Budapest HUN"]
[Date "2024.09.12"]
[Round "2.61"]
[Board "2"]
[White "Kouassi Edichy Berenice"]
[Black "Lopez L., Dairyn D."]
[Result "0-1"]
[WhiteElo "1528"]
[BlackElo "1740"]
[PlyCount "74"]
[EventDate "2024.09.11"]
[WhiteTeam "Cote d’Ivoire"]
[BlackTeam "Guatemala"]
[BlackTeamCountry "GUA"]

1. d4 g6 2. Nf3 Bg7 3. g3 d6 4. Bg2 f5 5. Be3 $146 ({RR} 5. b3 Nh6 6. Bb2 O-O 7. Nbd2 Nc6 8. Nc4 e6 9. Qd2 Nf7 10. Rd1 Ne7 11. Ng5 Nxg5 12. Qxg5 h6 13. Qd2 Rb8 14. O-O Bd7 15. Rfe1 g5 16. e3 Ng6 17. f4 Bc6 18. d5 Bxb2 19. dxc6 Bf6 {1-0 Pomar Salamanca,A-Palacios de la Prida,E Costa del Sol-11 1971 (6)}) ({RR} 5. c3 Nc6 6. O-O e5 7. dxe5 dxe5 8. Qxd8+ Nxd8 9. e4 fxe4 10. Ng5 Nf6 11. Nxe4 Nxe4 12. Bxe4 Nf7 13. Re1 Nd6 14. Bd5 c6 15. Bb3 Bf5 16. Be3 Kd7 17. Nd2 Kc7 18. f4 Rhe8 19. fxe5 Bxe5 {1-0 Nyzhnyk,I (2625)-Jakubiec,A (2515) BL2-West 1314 2013 (9.3)}) ({RR} 5. Nc3 Nf6 6. Bg5 Nbd7 7. Qd3 d5 8. h4 c6 9. g4 fxg4 10. Ne5 Nxe5 11. dxe5 Nd7 12. O-O-O Nxe5 13. Qg3 Nf7 14. Bxd5 Qa5 15. Bxf7+ Kxf7 16. Qf4+ Qf5 17. Qc7 Re8 18. Rd8 Qe5 19. Qxe5 Bxe5 {½-½ Peyrer,K (2300)-Petran,P (2231) AUT-chT2O 2122 2021 (3.1)}) ({RR} 5. c4 Nh6 6. Nc3 O-O 7. O-O Qe8 8. e4 e5 9. dxe5 fxe4 10. Nxe4 Nf7 11. Nf6+ Bxf6 12. exf6 Qe6 13. Ng5 Qxc4 14. Bd5 Qg4 15. Nxf7 Rxf7 16. Qxg4 Bxg4 17. Bxb7 {1-0 Gamble,R-Lazonby,N Midland-ch Forrest Cup 1986 (6)}) 5... Nf6 6. Nbd2 c6 7. c4 Na6 8. O-O O-O 9. Qb3 Kh8 10. Ne1 Qe8 11. Nd3 h6 12. Nf3 g5 13. Rac1 Nc7 14. Bd2 Ne4 15. Bc3 f4 16. d5 Nxc3 17. bxc3 e5 18. dxc6 bxc6 19. Nd2 Bf5 20. Qb7 Qe7 21. Qxc6 Rab8 22. Rb1 Rfc8 23. Rb7 Qd8 24. Rxa7 Nb5 25. Qa6 Nxa7 26. Qxa7 Rc7 27. Qa3 Qe7 28. Nb3 e4 29. Nb4 Rxc4 30. Rd1 Rxc3 31. Nd5 Qe5 32. Nxc3 Qxc3 33. Qxd6 Rf8 34. g4 Bh7 35. Rc1 Qb2 36. Qd2 Qf6 37. Qd4 Qxd4 0-1

[Event "Olympiad Women 2024"]
[Site "Budapest HUN"]
[Date "2024.09.12"]
[Round "2.61"]
[Board "3"]
[White "Raymundo, Deycy Daniela"]
[Black "Gba, Zotta Marcelle Aurore Regine"]
[Result "1-0"]
[WhiteElo "1728"]
[BlackElo "1427"]
[PlyCount "40"]
[EventDate "2024.09.11"]
[WhiteTeam "Guatemala"]
[BlackTeam "Cote d’Ivoire"]
[WhiteTeamCountry "GUA"]

1. e4 e5 2. Nf3 Nc6 3. Nc3 Nf6 4. d4 exd4 5. Nxd4 d6 6. Bb5 Bd7 7. O-O a6 8. Ba4 ({RR} 8. Nxc6 bxc6 9. Bc4 Be7 10. Qe2 a5 11. e5 dxe5 12. Qxe5 O-O 13. Bf4 Bd6 14. Qd4 Bf5 15. Bb3 g5 16. Bxd6 cxd6 17. Rad1 Ne8 18. Rfe1 d5 19. Re5 Ng7 20. Rde1 Ne6 21. Qa4 Qf6 22. Qxc6 Be4 {1-0 Varchenko,G (2149)-Kalinin,A (2459) Geller Memorial op-A 5th 2009 (1)}) 8... b5 ({RR} 8... Be7 9. Bg5 h6 10. Bh4 Ng4 11. Bxe7 Qxe7 12. Nxc6 Bxc6 13. Bxc6+ bxc6 14. Qxg4 Qf6 15. f4 Qd4+ 16. Kh1 Kf8 17. Qd7 h5 18. Qxc7 Rh6 19. Rad1 Qe3 20. Rxd6 Rxd6 21. Qxd6+ Kg8 22. Qxc6 Rf8 23. Qxa6 {1-0 Saranya Devi Narahari (1603)-Debra,N Swiss Queens Wed #6 2024 (3.213)}) 9. Bb3 b4 $146 ({RR} 9... Ne5 10. Bg5 c5 11. Bd5 Rb8 12. Nde2 Be7 13. Bxf6 Bxf6 14. Ng3 Bg4 15. Qc1 b4 16. Nce2 a5 17. h3 Be6 18. Rd1 O-O 19. Nf4 Bxd5 20. Nxd5 Ng6 21. Rb1 Be5 22. c3 bxc3 23. Nxc3 Nf4 24. Qe3 {½-½ Rodriguez Batuecas,J (1627)-Acriz Ibanez,S (1443) Foment Martinenc op-B 15th 2013 (5)}) ({RR} 9... Nxd4 10. Qxd4 c5 11. Qd3 c4 12. Bxc4 bxc4 13. Qxc4 Be7 14. Bf4 O-O 15. Rad1 Be6 16. Qd3 Qb6 17. b3 Rfd8 18. h3 Qc6 19. Nd5 Bxd5 20. exd5 Qb5 21. c4 Qb7 22. Rfe1 Bf8 23. Bg5 Be7 24. Qe3 {1-0 Rodriguez Redondo,E (1504)-Rodriguez Tobio,C Canarias-ch U14 31st 2013 (2)}) 10. Nd5 Nxe4 11. Re1 Nxd4 12. Qxd4 c6 13. Qxe4+ Be6 14. Nf4 d5 15. Nxe6 fxe6 16. Qxe6+ Be7 17. Bg5 Ra7 18. Qxc6+ Rd7 19. Rxe7+ Kf8 20. Rxd7 Ke8 1-0

[Event "Olympiad Women 2024"]
[Site "Budapest HUN"]
[Date "2024.09.12"]
[Round "2.62"]
[Board "1"]
[White "Magne Kouokam Sylviane"]
[Black "Chuemsakul, Sarocha"]
[Result "0-1"]
[WhiteElo "1587"]
[BlackElo "1906"]
[PlyCount "108"]
[EventDate "2024.09.11"]
[WhiteTeam "Cameroon"]
[BlackTeam "Thailand"]
[WhiteTeamCountry "CAM"]
[BlackTeamCountry "THA"]

1. d4 d5 2. c4 e6 3. Nf3 Nf6 4. Nc3 c5 5. cxd5 exd5 6. Bf4 Be7 $146 ({RR} 6... Bd6 7. Bxd6 Qxd6 8. dxc5 Qxc5 9. e3 O-O 10. Bd3 Nc6 11. Rc1 Bg4 12. O-O Qe7 13. h3 Be6 14. Re1 Rfd8 15. Re2 Ne4 16. a3 f5 17. Bb1 Qf6 18. Nb5 Bf7 19. Ba2 Rac8 20. Rec2 Qe6 21. Nbd4 {1-0 Valentiner,O-Dyckhoff,E Barmen Haupturnier B Gruppe 1 1905}) ({RR} 6... Bd6 7. Bxd6 Qxd6 8. e3 O-O 9. Be2 Nc6 10. O-O Bf5 11. h3 b6 12. Bd3 Bxd3 13. Qxd3 c4 14. Qc2 Nb4 15. Qd2 Ne4 16. Nxe4 dxe4 17. Ne5 b5 18. a3 Nd3 19. Nxd3 exd3 20. b3 Rac8 21. Rfc1 {1-0 Bulhoes,B (1566)-De Lira,C 88th ch-BRA 2022 (10.47)}) ({RR} 6... a6 7. Qc2 Nc6 8. e3 cxd4 9. Nxd4 Be7 10. Nxc6 bxc6 11. Bd3 Bb7 12. O-O O-O 13. Bg5 h6 14. Bxf6 Bxf6 15. Na4 Rb8 16. Rad1 Be7 17. Nc5 a5 18. b3 Bc8 19. Rc1 Qd6 20. Rfd1 f5 21. Be2 {½-½ Kupka,G-Paschke,E DDR Women-ch09 1958 (5)}) 7. e3 c4 8. a4 a6 9. Be2 Qb6 10. Qc1 Nc6 11. O-O O-O 12. Ne5 Na5 13. Ra2 Bf5 14. Bf3 Rfd8 15. Bg5 Nb3 16. Qe1 Be6 17. Qd1 h6 18. Bxf6 Bxf6 19. Ng4 Be7 20. Ne5 Rab8 21. Bg4 Bf6 22. Bxe6 Qxe6 23. f4 b5 24. a5 Re8 25. e4 dxe4 26. f5 Qc8 27. Nxe4 Bxe5 28. dxe5 Rxe5 29. Nd6 Qc5+ 30. Kh1 Rd5 31. Qg4 Qxd6 32. f6 g6 33. Re1 Qxf6 34. Kg1 Rbd8 35. h3 Rg5 36. Qe2 Rd2 37. Qe8+ Kg7 38. Re2 Rxe2 39. Qxe2 Nc1 40. Qc2 Nxa2 41. Qd2 c3 42. bxc3 Nxc3 43. Qe3 Rf5 44. Kh2 Qe5+ 45. Qg3 Qxg3+ 46. Kxg3 b4 47. Kh4 b3 48. g4 b2 49. gxf5 b1=Q 50. fxg6 Qe1+ 51. Kg4 Kxg6 52. h4 f5+ 53. Kh3 Ne4 54. h5+ Kg5 0-1

[Event "Olympiad Women 2024"]
[Site "Budapest HUN"]
[Date "2024.09.12"]
[Round "2.62"]
[Board "2"]
[White "Prommuang, Araya"]
[Black "Danwe Maissiri Carole"]
[Result "1-0"]
[WhiteElo "1753"]
[BlackElo "1456"]
[PlyCount "53"]
[EventDate "2024.09.11"]
[WhiteTeam "Thailand"]
[BlackTeam "Cameroon"]
[WhiteTeamCountry "THA"]
[BlackTeamCountry "CAM"]

1. e4 e5 2. Nf3 Nc6 3. Bb5 Nf6 4. O-O a6 5. Ba4 Be7 6. c3 Nxe4 7. Re1 Nc5 8. Bxc6 dxc6 9. Nxe5 O-O 10. d4 Ne6 11. Be3 Bd7 $146 ({RR} 11... f6 12. Nd3 Bd6 13. Nd2 f5 14. f4 g5 15. g3 g4 16. Nc4 Ng7 17. Nce5 Be6 18. b3 Nh5 19. Bf2 Qe8 20. c4 Nf6 21. Qe2 Ne4 22. Nxg4 Qg6 23. Nge5 Qg7 24. Kh1 Rf6 25. g4 Nxf2+ 26. Nxf2 {0-1 Judd,M-Zukertort,J Saint Louis m 1884}) ({RR} 11... f6 12. Nd3 Bd6 13. Nd2 Re8 14. Qb3 Qd7 15. Ne4 Bf8 16. f3 Qf7 17. Bf2 b6 18. Bg3 Bb7 19. Nef2 a5 20. a4 Rad8 21. Nf4 Nxf4 22. Qxf7+ Kxf7 23. Bxf4 Rd7 24. Rxe8 Kxe8 25. Be3 Re7 26. Nd1 {½-½ Sevillano,E (2510)-Peters,J (2370) Los Angeles Grumette op 2011 (4)}) ({RR} 11... Bd6 12. Nd2 Bxe5 13. dxe5 Qe7 14. Ne4 b6 15. f4 Rd8 16. Qh5 Nf8 17. Bf2 Qe6 18. Qg5 Rd3 19. Rad1 Rxd1 20. Rxd1 Qg6 21. Qxg6 hxg6 22. Be3 Ne6 23. g4 Nf8 24. h3 c5 25. c4 Bb7 26. Nc3 {1-0 Kampert,A (2062)-Grimm,M (1858) Regionalliga SO 1011 2010 (6.4)}) ({RR} 11... f6 12. Nd3 Re8 13. Qb3 Kh8 14. Nd2 Nf8 15. Nf4 Bd6 16. Nh5 Rb8 17. Bh6 Ne6 18. Nxg7 Bf8 19. Rxe6 Bxg7 20. Bxg7+ Kxg7 21. Rxe8 Qxe8 22. Nf1 Be6 23. Qc2 Qf7 24. b3 Kh8 25. Re1 Re8 26. Ng3 {1-0 Faehndrich,H-Englisch,B Wien Casual Games 1887}) 12. Nd2 f5 13. Ndf3 Ng5 14. Bxg5 Bxg5 15. Qb3+ Kh8 16. Nxg5 Qxg5 17. Nf7+ Rxf7 18. Qxf7 f4 19. Qxd7 Qg6 20. Re6 Qh5 21. Rae1 h6 22. Re8+ Rxe8 23. Qxe8+ Qxe8 24. Rxe8+ Kh7 25. Rf8 g5 26. Rf7+ Kg6 27. Rxc7 1-0